000 00740nam a2200193Ia 4500
008 220216s9999 xx 000 0 und d
100 _aObouayeba S
245 0 _aInfluence of age and girth at opening on rubber yield, biochemical and tapping panel dryness parameters of Hevea brasiliensis in determining tapping norms
260 _bIRC 2012. International Rubber Conference, 28-31 October 2012, Kovalam, India, Rubber Research Institute of India, Kottayam and IRRDB, Malaysia: Abstracts. pp.116.
650 _aTapping panel dryness
700 _aChristophe K
700 _aEric S F E
700 _aFanlegue C L
700 _aModeste K K
700 _aNguessan A E B
700 _aOkoma K M
700 _aSeverin A
942 _cJS
999 _c61174
_d61174